| 000 | 00725nam a2200229 i 4500 | ||
|---|---|---|---|
| 001 | 46524 | ||
| 003 | ES-MaACL | ||
| 005 | 20251003063059.0 | ||
| 007 | t| | ||
| 008 | 030331s1964 sp ||||1| cat d | ||
| 100 | 1 |
_aCongar, Yves, _d1904-1995 _940170 |
|
| 245 | 1 | 0 |
_aDiari del Concili _b: segons sessio / _cYves M. J. Congar ; [traductor: Dom Just. M. Llorens]. |
| 250 | _a1ª ed. | ||
| 260 |
_aBarcelona : _bEstela, _c[1964] |
||
| 300 |
_a213 p. ; _c20 cm. |
||
| 490 | 1 |
_aConcili Vatica II ; _v12 |
|
| 611 | 0 | 4 |
_aConcilio Vaticano ( _n2º. _d1962-1965) _9122 |
| 700 | 1 |
_aLlorens, Just M. _972877 |
|
| 830 | 0 |
_aConcili Vatica II ; _v12 _9182107 |
|
| 852 |
_aES-MaACL _jC-26042 55157 |
||
| 999 |
_c46524 _d46524 |
||